Canción para caminar sobre las aguas /

Uloženo v:
Podrobná bibliografie
Hlavní autor: Rivera Letelier, Hernán (autor)
Médium: Kniha
Jazyk:španělština
Vydáno: Santiago, Chile : Planeta, 2004, c2004
Vydání:2a edición
Edice:(Autores Españoles e Iberoamericanos)
Témata:
Tagy: Přidat tag
Žádné tagy, Buďte první, kdo vytvoří štítek k tomuto záznamu!

MARC

LEADER 00000nam^a2200000^a^4500
001 000184940
005 20250521000000.0
009 20260310102133.904
020 |a 956-247-343-0 
037 |a Acervo ITESO - Biblioteca 
041 |a ESP 
082 |a 863.  |b RIV 
100 |a Rivera Letelier, Hernán  |e (autor) 
245 1 0 |a Canción para caminar sobre las aguas /  |c H. Rivera Letelier. 
250 |a 2a edición 
264 4 |a Santiago, Chile :  |b Planeta,  |c 2004, c2004 
300 |a 237 p. 
336 |a texto  |b txt  |2 rdacontenido 
337 |a sin mediación  |b n  |2 rdamedio 
338 |a volumen  |b nc  |2 rdasoporte 
440 1 |a (Autores Españoles e Iberoamericanos) 
585 |a Exposición DIA 2023-09 / A 50 años del golpe de Estado: Chile e ITESO, convergencias con la dignidad y la memoria  
649 |a XX 
650 |a Novela Chilena 
650 |a Literatura Chilena -  |y Siglo XXI 
650 |a Literatura e Historia -  |z Chile 
650 |a Hippies 
650 |a Generación (Demografía) 
650 |a Cambios Sociales y Culturales -  |z Chile 
650 |a Historia Social -  |z Chile 
650 |a Arica, Chile en la Literatura 
650 |a Arica, Chile -  |x Historia -  |y 1970-1973 
650 |a Arica, Chile -  |x Historia -  |y Siglo XX 
650 |a Chile -  |x Historia -  |y 1970-1973 
650 |a Chile -  |x Historia -  |y Siglo XX 
910 |a Fondo General 
920 |a Impresos - Libros 
930 |a Colección General 
940 |a Literatura 
905 |a 101 
901 |a 0500126017  |b IT1  |c LIT  |u 20250521 
902 |a https://opac.biblio.iteso.mx/vufind/Record/000184940